logo

Bir Sreshtho Munshi Abdur Rouf Library
Jhenaidah Cadet College

Contemporary Art of Bangladesh / (Record no. 10270)

MARC details
000 -LEADER
fixed length control field 00591nam a22002297a 4500
001 - CONTROL NUMBER
JCCL Control Number 10270
003 - CONTROL NUMBER IDENTIFIER
JCCL marc code BD-JhCC
005 - DATE AND TIME OF LATEST TRANSACTION
control field 20180422185445.0
008 - FIXED-LENGTH DATA ELEMENTS--GENERAL INFORMATION
fixed length control field 180422b xxu||||| |||| 00| 0 eng d
035 ## - SYSTEM CONTROL NUMBER
system control number (BD-JhCC)10270
040 ## - CATALOGING SOURCE
Original cataloging agency BD-JhCC
Modifying agency BD-JhCC
041 ## - LANGUAGE CODE
Language code of Book eng
082 ## - DEWEY DECIMAL CLASSIFICATION NUMBER
Classification number 709.549207
Author mark and Year ISL
100 ## - MAIN ENTRY--PERSONAL NAME
Personal name Islam, Syed Manzoorul
245 ## - TITLE STATEMENT
Title Contemporary Art of Bangladesh /
Statement of responsibility, etc Syed Manzoorul Islam
260 ## - PUBLICATION, DISTRIBUTION, ETC. (IMPRINT)
Place of publication, distribution, etc Dhaka :
Name of publisher, distributor, etc The High Commission Of India,
300 ## - PHYSICAL DESCRIPTION
Pagination 80 p. :
Other physical details ills;
Dimensions 22 cm.
650 ## - SUBJECT ADDED ENTRY--TOPICAL TERM
Topical term or geographic name as entry element Arts
651 ## - SUBJECT ADDED ENTRY--GEOGRAPHIC NAME
Geographic name Bangeladesh
942 ## - ADDED ENTRY ELEMENTS (KOHA)
Source of classification or shelving scheme Dewey Decimal Classification
Koha item type Reference
Holdings
Source of classification or shelving scheme Damaged status Not for loan Home library Current library Shelving location Date of accession Total Checkouts Full call number Barcode Date last seen Copy number Koha item type
Dewey Decimal Classification     JCC Rouf Library JCC Rouf Library General Stacks 04/21/2018   709.549207 ISL 13197 04/22/2018 C-1 Reference

JCC Library | Contacts | JCC Home

Last Update on 23 September 2017
Copyright @ 2017-2020 JCC Rouf Library
Rouf Library, Jhenidah Cadet College (JCC), Bangladesh